Medalhistas das Olimpíadas por Foto - Statistics

Estatísticas Gerais
  • Esse quiz foi jogado 37 vezes
  • A pontuação média é 4 de 29
Estatísticas das Respostas
Imagem Resposta % Correto
Simone Biles
91%
Usain Bolt
88%
Michael Phelps
79%
Nadia Comaneci
41%
Jesse Owens
24%
Ian Thorpe
18%
Carl Lewis
15%
Michael Johnson
15%
Olga Korbut
15%
Yelena Isinbayeva
9%
Alexander Popov
6%
Greg Louganis
6%
Larissa Latynina
6%
Paavo Nurmi
6%
Abebe Bikila
3%
Emil Zatopek
3%
Sifan Hassan
3%
Archie Hahn
0%
Babe Didrikson
0%
Betty Cuthbert
0%
Betty Robinson
0%
Fanny Blankers-Koen
0%
George Orton
0%
Jim Thorpe
0%
Oscar Swahn
0%
Spiridon Louis
0%
Tommie Smith
0%
Vladimir Salnikov
0%
Wyndham Halswelle
0%
Nenhum quiz correspondente encontrado
Distribuição das Pontuações
Porcentagem de Pessoas com Cada Pontuação
Percentil de Números Respondidos
Sua Pontuação Histórica
Você não jogou esse quiz